[Event "GER-ch66 V01 email"]
[Site "GER email"]
[Date "2012.??.??"]
[Round "?"]
[White "Just, Joachim"]
[Black "Hesselbarth, Karlheinz"]
[Result "1-0"]
[WhiteElo "1940"]
[BlackElo "1774"]
[PlyCount "59"]
[EventDate "2011.10.01"]
[EventType "tourn (corr)"]
[EventRounds "6"]
[EventCountry "GER"]
[SourceTitle "Corr 2015"]
[Source "ChessBase"]
[SourceDate "2015.07.17"]
[SourceVersion "1"]
[SourceVersionDate "2015.07.17"]
[SourceQuality "1"]

1. d4 d5 2. Nf3 Nf6 3. c4 e6 4. g3 c5 5. cxd5 exd5 6. Bg2 Nc6 7. 0-0 Be7 8. Nc3 0-0 9. dxc5 Bxc5 10. Na4 Bb6 11. b3 Bf5 12. Bb2 Be4 13. Nxb6 axb6 14. Qd2 Re8 15. Rfd1 b5 16. a3 Ra6 17. Rac1 Qd7 18. Rc5 Na5 19. Qc3 Rc6 20. Rxc6 Nxc6 21. Qc5 Ne7 22. Bxf6 gxf6 23. Nd4 Bxg2 24. Kxg2 b4 25. Qxb4 Nf5 26. Qb5 Qxb5 27. Nxb5 Rxe2 28. Rxd5 Re5 29. Rxe5 fxe5 30. g4 1-0